Олекса стефанович : поезії дух: [Рец. на кн. Стефановича О . "Возлюби її до крови " , яка вийшла в світ у серії "Реабілітовані історією" (Рівне,2003 р.) (Запис № 301712)

МАРК-запис
000 -Лідер
fixed length control field 00727nam a22001817a 4500
003 - Ідентифікатор контрольного номера
control field UA-OsUOA
001 - Контрольний номер
control field 15547
007 - Фіксоване поле фізичного опису
fixed length control field ta
008 - Елементи даних фіксованої довжини – загальна інформація
fixed length control field 20031117b un ||||| |||| 00| 0 ukr d
040 ## - Джерело каталогізації
Агенція оригінальної каталогізації UA-OsUOA
Агенція, яка здійснювала перезапис UA-OsUOA
Агенція, яка здійснювала модифікацію UA-OsUOA
100 ## - Основне введення – ім’я особи
Ім’я особи (НП) Шостак І.
245 ## - Відомості про назву
Назва (НП) Олекса стефанович : поезії дух: [Рец. на кн. Стефановича О . "Возлюби її до крови " , яка вийшла в світ у серії "Реабілітовані історією" (Рівне,2003 р.)
300 ## - Фізичний опис
Обсяг С.41-42
650 #7 - Додаткове предметне введення – тематичний термін
Тематичний термін чи географічна назва, як елемент введення (НП) Краєзнавча робота
Джерело заголовка чи терміна UDC
773 0# - Введення хост-одиниці (П)
Контрольний номер запису (П) 0
Назва (НП) Волання з Волині
Місце, видавець та дата видання (НП) Остріг
-- 2003
Інформація про взаємозв’язок (П) №4/Лип.-Серп./
942 ## - Додаткові елементи входу (Коха)
Тип елемента Koha Стаття періодики
955 ## - Код типу видання за змістом
Код типу видання за змістом (НП) інше

Немає доступних примірників.